|
|
|
|
| LEADER |
00892nab a2200169 i 4500 |
| 001 |
misc47395 |
| 005 |
20250303122705.0 |
| 008 |
210310s1937 hu o 000 swe d |
| 040 |
|
|
|a SZTE Miscellanea Repozitórium
|b hun
|
| 041 |
|
|
|a swe
|
| 245 |
0 |
0 |
|a Nobelakademierna ha föredömliga talare
|h [elektronikus dokumentum] :
|b korta och klara presentationer av pristagarnas bedrifter
|
| 260 |
|
|
|c 1937-12-11
|
| 300 |
|
|
|a Szent-Györgyi Albert Nobel-díja az 1937/38-as sajtóhíradások tükrében : újságkivágat-album, f. 74v.
|
| 490 |
0 |
|
|a Göteborgs Handels- och Sjöfarts-Tidning
|
| 561 |
|
|
|a Szent-Györgyi Albert újságkivágat-album
|
| 695 |
|
|
|a Szent-Györgyi Albert, Nobel-díj - 1937, Nobel-napok - Stockholm, Nobel-díj átadási ünnepség - zenepalota - december 10., Nobel-bankett - városháza - december 10.
|
| 856 |
4 |
0 |
|u http://misc.bibl.u-szeged.hu/47395/1/075_001.pdf
|z Dokumentum-elérés
|